| 000 | 01524nam a2200361 i 4500 | ||
|---|---|---|---|
| 003 | EG-ScBUE | ||
| 005 | 20240123100511.0 | ||
| 008 | 170214s2015 ua o f 000 0bara d | ||
| 017 | _a2013 / 21331 | ||
| 020 | _a9789777091486 | ||
| 040 |
_aEG-ScBUE _bara _erda _cEG-ScBUE _dEG-ScBUE |
||
| 043 | _af-ua--- | ||
| 082 | 0 | 4 |
_a962.05509232 _bب ا ز _222 |
| 100 | 1 |
_aباز، محمد، _eمؤلف. |
|
| 245 | 1 | 2 |
_aالعقرب السام : _bعمر سليمان .. جنرال المخابرات الغامض / _cد. محمد الباز ؛ مراجعة وتدقيق عبد العزيز السباعي. |
| 250 | _aالطبعة الخامسة عشر. | ||
| 250 | _aطبعة الأسرار الشخصية. | ||
| 264 | 1 |
_aالقاهرة : _bكنوز للنشر والتوزيع، _c2015. |
|
| 300 |
_a320 صفحة : _bصور ؛ _c24 سم |
||
| 336 |
_2rdacontent _aنص _btxt |
||
| 337 |
_aبدون وسيط _2rdamedia _bn |
||
| 338 |
_aمجلد _bnc _2rdacarrier |
||
| 600 | 1 | 7 |
_aسليمان، عمر، _d1936-2012 _vتراجم. _2BUEsh |
| 650 | 7 |
_aالسياسيون المصريون _vتراجم. _2BUEsh _931153 |
|
| 650 | 7 |
_aالمخابرات _vتراجم. _2BUEsh |
|
| 651 | 7 |
_aمصر _xسياسة وحكومة _yقرن 21. _2BUEsh |
|
| 651 | 7 |
_aمصر _xسياسة وحكومة _yالثورة،2011. _2BUEsh |
|
| 651 | 7 |
_aمصر _xأحوال سياسية _yقرن 21. _2BUEsh |
|
| 653 |
_bGGEN _bBUSBOL _cFebruary2017 |
||
| 655 | _vReading book | ||
| 700 | 1 |
_aسباعي، عبد العزيز، _eمراجع. |
|
| 942 | _2ddc | ||
| 999 |
_c24149 _d24121 |
||